000 00761nam a2200193Ii 4500
003 JO-AjNU
008 230606s9999||||xx |||||||||||||| ||und||
040 _aJO-AjNU
_beng
_erda
_cJO-AjNU
041 _aeng
050 1 4 _aPE1128 2018
100 3 _aPreparation Maqableh, Nusaibah Omar ؛ Supervisor Mahmoud AL-Sobh, Co Supervisor Abeer AL-Ghazo,
_eauthor
_95826
245 0 4 _aThe Fffect if Using Computer to Develop Paragraph Writing by Ajloun National University Students
264 3 1 _aAjIoun: AjIoun National University, 2018
300 _a29p
_b Graduation project, AjIoun National University, 2018
336 _atext
_btxt
_2rdacontent
337 _aunmediated
_bn
_2rdamedia
338 _avolume
_bnc
_2rdacarrier
650 4 _aLanguage - Literature
_95827
999 _aE3022
_c3019
_d3019